| 000 | 00797 a2200217 4500 | ||
|---|---|---|---|
| 001 | 120958 | ||
| 020 | _a9781846164125 | ||
| 040 | _cEscola Canadense de Niteroi | ||
| 090 | _aRAY | ||
| 100 | _aRayner, Shoo | ||
| 245 | 1 | 0 | _aThe sing-song of old man kangaroo |
| 300 | _a47 p. | ||
| 362 | 0 | _a2007 | |
| 490 | 0 | _aRudyard Kipling's Just So Stories | |
| 520 | _aThis is a modern re-telling of the classic by Rudyard Kipling, brought to life with appealing illustrations. The Kangaroo wants to be different. He wants to be popular so that other animals will follow him. His wish is granted - but why is Yellow-Dog Dingo chasing him all through the land? | ||
| 650 | 4 | _aDifferences | |
| 650 | 4 | _aIndividuality | |
| 650 | 4 | _aChildren's Literature | |
| 650 | 4 | _aSelf-acceptance | |
| 942 | _cBK | ||
| 999 |
_c120958 _d120958 |
||